Giáo trình thể dục cơ bản

Đã lưu trong:
Sonraí Bibleagrafaíochta
Formáid: Leabhar
Foilsithe: Hà Nội Thể dục thể thao 2005
Ábhair:
Clibeanna: Cuir Clib Leis
Gan Chlibeanna, Bí ar an gcéad duine leis an taifead seo a chlibeáil!
Thư viện lưu trữ: Trung tâm Học liệu Lê Vũ Hùng, Trường Đại học Đồng Tháp
LEADER 00750pam a22002898a 4500
001 00037313
005 20171026081023.0
008 170511s2005 ||||||Viesd
041 0 # |a Vie 
082 1 4 |a 796.44  |b GI108TR 
245 1 0 |a Giáo trình thể dục cơ bản 
260 # # |a Hà Nội  |c 2005  |b Thể dục thể thao 
300 # # |a 223tr.  |c 21cm. 
653 # # |a Giáo trình 
653 # # |a thể dục 
852 # # |b Kho mượn  |j KGT.0052825 
852 # # |b Kho đọc  |j KD.0021453 
852 # # |j KD.0021453  |j KGT.0052825 
910 |d 11/05/2017 
980 # # |a Trung tâm Học liệu Lê Vũ Hùng, Trường Đại học Đồng Tháp